Elaboración de un manual técnico de evaluación y control de los riesgos derivados de productos químicos
Uloženo v:
| Hlavní autor: | |
|---|---|
| Médium: | Kniha |
| Vydáno: |
San José, C.R.
2004
|
| Témata: | |
| Tagy: |
Přidat tag
Žádné tagy, Buďte první, kdo vytvoří štítek k tomuto záznamu!
|
MARC
| LEADER | 00000nam a2200000Ia 4500 | ||
|---|---|---|---|
| 003 | 9540 | ||
| 005 | 20221231144129.0 | ||
| 008 | 140114s2004 cr a m 000 ||s d | ||
| 040 | |c cru CEDI | ||
| 090 | |a TFG 5079 | ||
| 100 | |a Sequeira Tückler, Eduardo |9 5988 | ||
| 245 | |a Elaboración de un manual técnico de evaluación y control de los riesgos derivados de productos químicos | ||
| 260 | |c 2004 |a San José, C.R. | ||
| 300 | |a v, 153, [15] hojas plegables : ilustraciones | ||
| 500 | |a Proyecto de graduación (magister en ingeniería química con énfasis en ingeniería de procesos químicos)--Universidad de Costa Rica. Facultad de Ingeniería. Escuela de Ingeniería Química | ||
| 650 | |x PRODUCTOS QUIMICOS |x PERCEPCION DE RIESGOS |x MANUALES |9 5989 | ||
| 942 | |c TFG | ||
| 999 | |c 17344 |d 17344 | ||
